Komfortní internetové bankovnictví pro nevidomé - fikce, nebo reálná možnost?

Prieskum používania internetového bankovníctva zrakovo znevýhodnenými používateľmi v Českej republike. Štatistiky ukazujú, že tieto typy služieb sú využívané málo a používatelia s tým bojujú. Banky by mali hľadať riešenia na odstránenie bariér. Riešenie predstavuje ozvučený portál FriendlyVox, ktorý...

Ausführliche Beschreibung

Gespeichert in:
Bibliographische Detailangaben
1. Verfasser: Jareš, Vladimír
Format: Buchkapitel
Sprache:Tschechisch
Schlagworte:
Tags: Tag hinzufügen
Keine Tags, Fügen Sie das erste Tag hinzu!

MARC

LEADER 00000naa a2200000 4500
001 0248649
005 20181106130557.8
041 0 |a cze 
044 |a CZ 
245 1 0 |a Komfortní internetové bankovnictví pro nevidomé - fikce, nebo reálná možnost?  |c Vladimír Jareš 
520 |a Prieskum používania internetového bankovníctva zrakovo znevýhodnenými používateľmi v Českej republike. Štatistiky ukazujú, že tieto typy služieb sú využívané málo a používatelia s tým bojujú. Banky by mali hľadať riešenia na odstránenie bariér. Riešenie predstavuje ozvučený portál FriendlyVox, ktorý jednoduchšie sprístupňuje zrakovo postihnutým internetové služby ako e-mail, YouTube, Wikipédia a pod. Takéto riešenie chce firma TurboConsult aplikovať aj do bankovníctva. 
610 2 0 |a osoby zdravotne postihnuté 
610 2 0 |a zrak 
610 2 0 |a technológie nové 
610 2 0 |a bankovníctvo elektronické 
610 2 0 |a služby 
610 2 0 |a služby bankové 
100 1 |a Jareš, Vladimír